00649nam a2200181 a 450000100100000000500170001000800410002702000160006804000250008408200150010910000200012424501320014426000330027630000210030950000700033050000340040050400330043400002263020200930021715.0101014s2000 sp 000 0 spa d z84080405537 aDO-SdBNPbspacBNPHU axxxbR864i1 aRousseau, Denis13aLa isla del Doctor Castro :bla transición secuestrada /cDenis Rousseau, Corinne Cumerlato; traducción de Catalina Ginard. aBarcelona :bPlaneta,c2000. a317 p. ;c23 cm. aIncluye datos biográficos del autor en la solapa de la cubierta aIncluye índice onomástico aBibliografías [p. 309-310]